=LDR 00000nam 2200000 4500 =001 INLIS000000000025159 =005 20130612123705 =008 ***********************************Ind** =035 ##$$0010-061300000025159 =041 ##$$a Ind =082 ##$$a 339.01 =090 ##$$a 339.01, Kel t =100 ##$$a Kelana, Said =245 ##$$a Teori ekonomi makro, Said Kelana =260 ##$$a 1996 $b Jakarta =300 ##$$a xiv, 338 hlm, 21 cm =650 ##$$a Ekonomi Makro =850 ##$$a NBPNMAT =990 ##$$a 0001/BPAP-NTB/20142015